000
00313nam a22001337a 4500
008
181205b xxu||||| |||| 00| 0 eng d
020
_a
9780130115799
041
_a
eng
080
_2
3 TH
_a
370
100
_a
47
101
_a
EDU
245
_a
Effective Raeding In Chaning World
_c
Rose.W
942
_2
udc
_c
BK
999
_c
52875
_d
52875